zpět

Detail výsledku týmu

Restaurace Družba, Vodňany

Datum a čas kvízu

31 Celkem bodů Celkový počet nahraných bodů na tomto kvízu bez doplňovacích otázek.
4. Pořadí na kvízu Konečné umístění týmu na tomto kvízu.

Zaznamenané odpovědi

# Otázka Odpověď Body Výsledky
1. Který živočich si minulý týden... labuť 1
2. V bavorském městečku Burgsinn... Penny 0
3. 78 dní byla na vrcholu žebříčk... Stranger Things 0
4. Na technologickém veletrhu CES... Tamagoči 1
5. Jak se nazývá hlavní a druhé n... Saint Paul 0
6. Frank Lloyd Wright bývá označo... Guggenheimovo muzeum 1
7. Seřaďte uvedené události od té... 1D 2B 3C 4A 0
8. Jak se jmenuje tato americká h... Beastie Boys; No Sleep till Brooklyn 0
9. Turisté v NYC míří nejen do di... 1A 2D 3C 4B 1
10. Jak se jmenuje fiktivní město,... Gotham (City); Bronx 1